[Event "Gashimov Memorial 3rd"]
[Site "Shamkir"]
[Date "2016.06.01"]
[Round "6"]
[White "Safarli, Eltaj"]
[Black "Caruana, Fabiano"]
[Result "1/2-1/2"]
[WhiteElo "2664"]
[BlackElo "2804"]
[Annotator "Krasenkow,M"]
[PlyCount "85"]
[EventDate "2016.05.26"]
[EventType "tourn"]
[EventRounds "9"]
[EventCountry "AZE"]
[EventCategory "20"]
[SourceTitle "CBM 173"]
[Source "ChessBase"]
[SourceDate "2016.07.12"]
[SourceVersion "1"]
[SourceVersionDate "2016.07.12"]
[SourceQuality "1"]

1. d4 Nf6 2. c4 e6 3. Nf3 b6 4. a3 Ba6 5. Qc2 Bb7 6. Nc3 c5 7. e4 cxd4 8. Nxd4
Bc5 9. Nb3 Nc6 10. Bg5 a6 {[%cal Yd8c7]} (10... h6 11. Bh4 Nd4 {is the main
line here but the restrained text move also gives Black good prospects.}) 11.
Rd1 {This is harmless. Long castling is more aggressive here:} (11. O-O-O Qc7
12. Kb1 Be7 (12... O-O-O $6 13. Qd2 (13. Nxc5 $5 bxc5 14. Be3 d6 15. f4 $14 {
G.Kasparov}) 13... d6 14. f3 $1 h6 15. Bf4 Ne5 16. h4 Kb8 17. h5 Rd7 18. Rc1
Rc8 19. Be2 Ka7 20. Rhd1 Rdd8 21. g4 Ng8 22. Bg3 $16 {1-0 (31) Kasparov,G 
(2750)-Van der Wiel,J (2555) Amsterdam 1988}) 13. f4 Ng4 $1 14. Bxe7 Nxe7 15.
Qd2 Nf6 16. Bd3 d6 17. Rhe1 (17. g4 $5) 17... O-O-O 18. Nd4 Kb8 19. Rc1 Rc8 (
19... h6 $142 $11 {I.Novikov}) 20. f5 $1 Nc6 21. Nxc6+ Bxc6 22. Qg5 $16 {
0-1 (41) Novikov,I (2455)-Gavrikov,V (2525) Lvov 1987}) 11... Qc7 12. Be2 Be7
13. Bh4 Ne5 14. Bg3 h5 $1 {[%mdl 32] An interesting idea of kingside
counterplay. Its main justification is the poor position of White's knight on
b3.} 15. O-O g5 (15... h4 $5 16. Bxe5 (16. Bf4 Nf3+) 16... Qxe5) 16. Nd4 {
Too submissive.} (16. h3 h4 17. Bh2 g4 $5 18. hxg4 h3 $13) 16... h4 $1 17. Bxe5
Qxe5 18. Nf3 Bxe4 19. Nxe5 Bxc2 20. Rd2 Bf5 21. Rfd1 Ra7 22. Na4 {White
regains the pawn, exploiting his development advantage; however, Black keeps
the upper hand due to his bishop pair.} Rc7 23. Nxb6 d6 24. Nf3 Ne4 25. Rd3 Rb7
26. Na4 Nc5 27. Nxc5 dxc5 28. R3d2 Bf6 29. b4 g4 $6 {This intermediate move
proves wrong as White's knight takes a better position, and Black's g4 pawn is
always hanging.} (29... cxb4 $142 30. axb4 Rxb4 31. c5 (31. Nd4 Be4) 31... O-O
32. Bxa6 Ra8 33. Be2 Rc8 34. Nd4 (34. Ne1 Ra4 $5 35. Nd3 Bc3 36. Rc2 Ra3) 34...
Rxd4 35. Rxd4 Bxd4 36. Rxd4 Rxc5 {- White should survive here but long defence
is required.}) 30. Ne1 cxb4 31. axb4 Rxb4 32. c5 $1 O-O 33. Bxa6 Be4 (33... Ra8
34. Bd3 Bxd3 35. Nxd3 {, and Black will hardly gain the c5-pawn without
trading the minor pieces.}) 34. Be2 Bc3 35. Rd6 Bd5 36. Rb6 Re4 37. Kf1 Be5 {
It is not easy to win the c5-pawn, e.g.} (37... Rc8 38. Nd3 Bc4 39. Rc1 {
, and White holds on.}) 38. h3 Bc7 39. Rb2 f5 (39... gxh3 $142 40. gxh3 Rc8 $15
) 40. Nd3 Rb8 41. Rxb8+ Bxb8 42. Rb1 Bh2 43. Nb4 1/2-1/2

[Event "Rubinstein Memorial 32nd"]
[Site "Polanica Zdroj"]
[Date "1995.??.??"]
[Round "10"]
[White "Krasenkow, Michal"]
[Black "Wojtkiewicz, Aleksander"]
[Result "1/2-1/2"]
[WhiteElo "2590"]
[BlackElo "2570"]
[Annotator "Krasenkow,M"]
[PlyCount "62"]
[EventDate "1995.08.??"]
[EventType "tourn"]
[EventRounds "11"]
[EventCountry "POL"]
[EventCategory "14"]
[SourceTitle "CBM 049"]
[Source "ChessBase"]
[SourceDate "1995.12.01"]
[SourceVersion "1"]
[SourceVersionDate "1995.12.01"]
[SourceQuality "1"]

1. d4 {Dolmatov} Nf6 2. c4 e6 3. Nf3 b6 4. a3 Bb7 5. Nc3 d5 6. Bg5 (6. cxd5 {
Dolmatov} exd5 7. g3 Be7 8. Qa4+ c6 9. Bg2 O-O 10. O-O $13) 6... Be7 7. Bxf6 (
7. Qa4+ {Dolmatov} c6 8. cxd5 Nxd5 9. Nxd5 Bxg5 10. Nc3 O-O 11. e4 Nd7 12. e5
Be7 $10 {Gelfand,B-Dzindzikhashvili,R/Manila(izt)/1990/}) 7... Bxf6 8. cxd5
exd5 9. Qb3 (9. g3 {Dolmatov} O-O 10. Bg2 Qe7 11. Qb3 Rd8 12. O-O c5 13. Rad1
Na6 {Gelfand,B-Ehlvest,J/Tallinn/1989/}) 9... O-O 10. Rd1 Re8 11. g3 $146 (11.
e3 {Dolmatov} Re7 12. Be2 c6 13. O-O Na6 14. Rfe1 Nc7 15. Bf1 g6 $132 {Piket,
J-Petursson,M/Munchen/1989/}) 11... c5 $1 12. Bg2 (12. dxc5 $2 {Dolmatov} d4
13. Bg2 Nd7 $40) 12... Nc6 $1 13. dxc5 $6 (13. Nxd5 Nxd4 14. Nxd4 Bxd4 15. e3
$13 (15. O-O {Dolmatov} Re5 $10)) 13... Ba6 $1 (13... Na5 14. Qb5 $13) 14. O-O
(14. Rd2 Bc4 $36) (14. Rxd5 $2 {Dolmatov} Bxc3+ 15. bxc3 Rxe2+ $40) 14... Bc4
$1 (14... Bxc3 $2 15. Rxd5) 15. Qc2 $8 (15. Qa4 Bxc3 16. Qxc6 (16. bxc3 $2 b5
17. Qa6 Re6) 16... Bxb2 17. cxb6 axb6 $17) 15... Bxc3 (15... bxc5 $2 16. b3 $1
Bxc3 17. bxc4 d4 18. Ng5 $1 $18) 16. Qxc3 Bxe2 (16... bxc5 17. Rfe1 Bxe2 18.
Rc1 $13 Bxf3 $140 $6 19. Qxf3) 17. cxb6 Qxb6 (17... Bxd1 $1 18. b7 Rb8 19. Qxc6
(19. Rxd1 Ne7) 19... Re6 20. Nd4 Rxc6 21. Nxc6 Qc7 22. Nxb8 Bb3 (22... Be2 23.
Re1 Bb5 24. Na6 Qxb7 25. Nb4 $10) 23. Nd7 Qxb7 24. Nc5 Qb5 25. Nxb3 Qxb3 $15)
18. Rxd5 Bxf1 19. Bxf1 $44 {|^>>} Rac8 (19... Rad8 $2 20. Rb5 Qc7 21. Rc5) (
19... Ne7 $5) 20. Bc4 (20. Rg5 {Dolmatov} g6 $8 (20... Ne5 $2 21. Rxe5 $16))
20... Na5 21. Rg5 (21. Rxa5 $2 {Dolmatov} Rxc4 $17) 21... g6 22. Bxf7+ Kxf7 23.
Qxa5 Qxa5 (23... Re2 24. Qxb6 axb6 25. Rb5 Rc1+ 26. Kg2 Rcc2 27. Ne5+ Kg7 28.
Nd3 Red2 (28... Rcd2 29. Kf3) 29. Rb3 $10) (23... Qxb2 24. Qxa7+ Re7 25. Qa4
$13) 24. Rxa5 Re7 $10 25. b4 Kg8 26. Ne5 Rc2 27. Kg2 Re6 28. h4 Ra2 29. a4 a6
30. Nd3 Rd6 31. Nf4 Kg7 1/2-1/2

[Event "FRA-chT 9900"]
[Site "France"]
[Date "2000.04.30"]
[Round "10.2"]
[White "Lautier, Joel"]
[Black "Nisipeanu, Liviu Dieter"]
[Result "1-0"]
[WhiteElo "2632"]
[BlackElo "2611"]
[Annotator "Lautier,J"]
[PlyCount "71"]
[EventDate "1999.02.04"]
[EventType "team"]
[EventRounds "11"]
[EventCountry "FRA"]
[SourceTitle "CBM 077"]
[Source "ChessBase"]
[SourceDate "2000.07.27"]
[SourceVersion "1"]
[SourceVersionDate "2000.07.27"]
[SourceQuality "1"]

1. d4 Nf6 2. Nf3 e6 3. c4 b6 4. a3 c5 5. d5 Ba6 6. Qc2 exd5 7. cxd5 g6 8. Nc3
Bg7 9. g3 O-O 10. Bg2 d6 11. O-O Re8 12. Re1 Nbd7 13. h3 b5 14. Bf4 Qb6 15. e4
Rac8 16. Be3 Qb7 17. Bf1 c4 18. Bg2 $1 Qb8 (18... Nc5 19. Bxc5 Rxc5 20. e5 dxe5
21. Nxe5 Qb8 22. Nc6 Qa8 23. Qd2 Bb7 24. Rxe8+ Nxe8 25. Qe3 Bf8 26. Re1 $16 {
Lautier-Moriuchi, Tokyo simultaneous 1999}) 19. Nd4 (19. Rad1 $6 Nc5 20. Bxc5
Rxc5 21. Nd4 Qb6 22. Nc6 Bb7 $11) 19... Ne5 20. Nc6 $1 Nxc6 (20... Rxc6 21.
dxc6 Nxc6 22. f4 $1 $16 b4 $2 23. axb4 Nxb4 24. Qa4 $1 $18) 21. dxc6 Re6 {
/\ Rc6} 22. Rad1 $1 (22. Nd5 Rxc6 23. Nb4 Bb7 24. Nxc6 (24. e5 dxe5 25. Nxc6
Bxc6 26. Bxc6 Rxc6 27. Rad1 Rc8 $11) 24... Bxc6 25. Bd4 Qb7 (25... Qe8 26. Qc3
$14) 26. f3 $14 (26. Qc3 $2 Nxe4 27. Bxe4 (27. Rxe4 Bxd4 28. Rxd4 Bxg2 $17)
27... Bxd4 28. Qxd4 Bxe4 $15)) (22. Ne2 Re7 (22... Rce8 23. Nf4 (23. Bd4 $5
R6e7 (23... Nxe4 24. Bxg7 Kxg7 25. Nf4 $16) 24. Nc3 $16) 23... Rxe4 24. Bxe4
Nxe4 (24... Rxe4 25. Rad1) 25. Bxa7 $16) 23. Nf4 Re5 $14) 22... Rxc6 (22... Ne8
23. Nd5 Rxc6 24. Nb4 Bb7 (24... Rb6 25. a4 (25. b3 $5 cxb3 26. Qxb3 $16) 25...
bxa4 26. Bxb6 Qxb6 27. Nxa6 Qxa6 28. Bf1 $16) 25. Nxc6 Bxc6 26. b3 c3 27. Bd4
b4 28. axb4 Qxb4 29. Bxg7 Kxg7 30. Re3 $16) 23. e5 dxe5 24. Bxc6 Rxc6 25. Qd2
$1 $16 Bf8 (25... Rc8 26. Qd6 Qb7 (26... Bb7 27. Qxb8 Rxb8 28. Bxa7 Ra8 29. Bc5
Bc6 30. Rd6 $16) 27. Qxe5 $1 (27. Bg5 Ne8 28. Qe7 Qxe7 29. Bxe7 f5 30. Rd7 $16)
27... Ng4 (27... Re8 28. Qd6 Re6 29. Qd8+ Re8 30. Bc5 $1 $18) 28. Qg5 Ne5 29.
Rd8+ Rxd8 30. Qxd8+ Bf8 31. Nd5 $1 Nf3+ 32. Kf1 Nxe1 33. Bh6 $18) (25... Ne8
26. Qd8 Rc8 27. Qa5 Qb7 28. Rd8 $16) 26. Qd8 Qxd8 27. Rxd8 Kg7 28. Bh6+ Kxh6
29. Rxf8 Kg7 30. Ra8 Rc5 31. Rxa7 Bc8 32. g4 $18 (32. Ra5 $5 Bd7 33. a4 $18)
32... e4 33. Nxe4 Re5 34. f3 Nd5 35. Kf1 b4 36. Nd6 1-0

[Event "Chalkidiki"]
[Site "Chalkidiki"]
[Date "1992.??.??"]
[Round "5"]
[White "Khenkin, Igor"]
[Black "Lautier, Joel"]
[Result "0-1"]
[WhiteElo "2570"]
[BlackElo "2580"]
[Annotator "Lautier,J"]
[PlyCount "98"]
[EventDate "1992.09.??"]
[EventType "tourn"]
[EventRounds "11"]
[EventCountry "GRE"]
[EventCategory "14"]
[SourceTitle "CBM 032"]
[Source "ChessBase"]
[SourceDate "1993.02.01"]
[SourceVersion "1"]
[SourceVersionDate "1993.02.01"]
[SourceQuality "1"]

1. d4 {Dautov} e6 2. c4 Nf6 3. Nf3 b6 4. a3 Bb7 5. Nc3 d5 6. cxd5 Nxd5 7. e3
Nd7 (7... Nf6 $5 {Dautov} 8. Qa4+ (8. Bd3 c5 9. O-O Nbd7 10. Qe2 a6 11. Rd1 Qb8
12. Bc2 Bd6 13. dxc5 Bxc5 $10 {Kharitonov,A-Psachis,L Moscow 1988}) (8. b4 $5)
8... Nbd7 9. Ba6 Bxa6 (9... Qc8 $10 {Miles}) 10. Qxa6 c5 11. O-O Qc8 12. Qe2
cxd4 (12... Qb7 $10) 13. exd4 Qb7 14. d5 Nxd5 15. Nxd5 Qxd5 16. Rd1 Qb7 17. Bf4
Be7 18. Rac1 $36 {Beljavsky,A-Miles,A Tilburg 1984 38/665}) 8. Nxd5 (8. Bd3 {
Dautov} N5f6 9. e4 c5 10. Bf4 a6 11. d5) 8... exd5 (8... Bxd5 {Dautov} 9. Ba6
Be7 10. Qe2 $14) 9. b4 (9. Bd3 {Dautov} Bd6 (9... c5 $5 10. Qc2 h6) 10. Qc2 h6
11. b4 a6 12. O-O O-O 13. Rb1 Qe7 14. a4 Nf6 15. b5 axb5 16. axb5 Ne4 17. Bb2
$14 {Petrosian,T-Lombard,A Bath 1973 16/558}) 9... Bd6 10. Bd3 O-O 11. O-O Qe7
12. Bb2 c6 13. Qc2 Nf6 (13... h6 {Dautov} 14. Rfe1 {/\e4}) 14. b5 $5 (14. Ne5 {
Dautov} c5 $10) 14... cxb5 (14... c5 $2 15. dxc5 bxc5 16. Bxf6 $16) 15. Bxb5 a6
16. Bd3 b5 17. Qe2 Ne4 (17... Rfc8 $10) (17... Nd7 $5 {Dautov} 18. a4 b4 19. a5
Rfc8 $13) 18. Rfc1 Rfc8 19. Rxc8+ Rxc8 (19... Bxc8 {Dautov} 20. a4 b4 (20...
bxa4 21. Rxa4 a5 $132) 21. a5 Qb7 $10) 20. a4 bxa4 21. Rxa4 Nc3 22. Bxc3 Rxc3
23. g3 (23. Bxa6 $4 Rc1+ 24. Ne1 Bc6 $1 {/\ Bb4 -+}) (23. Ra1 $2 {Dautov} a5 $1
) (23. Qd2 {Dautov} Ra3 (23... Qc7 $2 24. Bxa6 Bxa6 25. Rxa6 Rc1+ 26. Ne1 Bxh2+
27. Kh1 Bd6 28. Ra8+ Bf8 29. Qb4 $18) 24. Rxa3 Bxa3 25. Qa5 Qd6 $10) 23... Bc8
$1 (23... Qd7 $2 {Dautov} 24. Ra1 $16) (23... Rc1+ {Dautov} 24. Kg2 Bc8 25. Ra2
Qd7 26. Ng1 $16) 24. Bxa6 $6 (24. Qd2 Rc6 $10) (24. Ra1 $142 {Dautov} Qa7 (
24... Bg4 $2 25. Bxa6 Qe4 (25... Qf6 26. Qb2 $16) 26. Nd2 $16) 25. Qd1 $13 {
/\Qa4}) 24... Rc1+ 25. Kg2 Qd7 $1 $15 {with the double-attack on a4 and h3.}
26. Bxc8 Qxa4 27. Bb7 Qb3 (27... Qc4 {Dautov} 28. Ba6 Qb3 29. Qb5 $132) 28. Qa6
(28. Ba6 {Dautov} Rc2 29. Qd3 Qa2 30. Qf1 $17) 28... Bf8 29. Ne5 $6 {A natural
move but the following tactical fireworks will turn out in Black's favour.} (
29. g4 $1 {was the safest, creating a haven for the White king with a probable
draw.}) 29... Qd1 30. Kh3 {White offered a draw here, considering Black had to
force a repetition of moves by 30...Qh5+, due to the d5 weakness. I thought
the position was just too interesting to stop playing now !} (30. Bxd5 $2 Qh1+)
30... Rc2 31. f3 Qg1 (31... Qh1 $2 32. Bxd5 Rxh2+ 33. Kg4 Rh6 34. Bxf7+ Kh8 35.
Qa8 Qh3+ 36. Kg5 $1 (36. Kf4 $2 Rf6+ 37. Ke4 Qf5+ $19) 36... Qxg3+ 37. Kf5 Rf6+
38. Ke4 $16) 32. Bxd5 Rxh2+ 33. Kg4 Qxe3 34. Qa7 $2 {An understable mistake,
as Black's tactical upshot on the 37th was easy to miss, especially in
time-trouble.} (34. Bxf7+ Kh8 35. Bc4 (35. Qa7 g6 $1 {/\ h5} (35... Rd2 36. Qb8
(36. Nc6 h5+ $19) 36... Qxd4+ 37. f4 Qd6 $19)) (35. Qc8 {Dautov} Qxd4+ 36. f4
Qd1+ 37. Kg5 Qd6 38. Be6 Qe7+ 39. Kg4 g6 $19) 35... Qxd4+ 36. f4 Qd1+ 37. Kf5
$17) 34... h5+ 35. Kf5 g6+ 36. Nxg6 (36. Kf6 {Dautov} Bg7+ 37. Ke7 Bxe5 $19)
36... Qd3+ 37. Be4 Qa3 $3 (37... fxg6+ $4 38. Kxg6 $18) 38. Qb6 (38. Qxa3 fxg6+
$1 $19) 38... fxg6+ 39. Qxg6+ Kh8 40. d5 (40. Qf6+ Bg7 41. Qd8+ Qf8+ $19) 40...
Qe7 41. f4 Qd7+ 42. Kg5 Be7+ (42... Qg4+ 43. Kf6 Qxg6+ 44. Bxg6 Rh3 $19 {
was more prosaic, but boring.}) 43. Kh6 Bd8 $1 {with the idea Qe7-f8+.} 44. d6
$8 Rd2 45. Bd3 h4 $1 46. Kh5 $8 (46. gxh4 Rh2 47. h5 Rxh5+ $1 $19 {with mate
next move.}) (46. g4 Rxd3 47. Qxd3 Qg7+ 48. Kh5 Qh7+ $19) (46. Bf5 hxg3 $1 47.
Bxd7 Rh2+ 48. Qh5 Rxh5+ 49. Kxh5 g2 $19) 46... Rxd3 $1 47. Qxd3 h3 48. Qd5 h2
49. Qe5+ Kg8 {The pawn is unstoppable.} 0-1

[Event "Biel SKA"]
[Site "Biel"]
[Date "1991.??.??"]
[Round "14"]
[White "Christiansen, Larry Mark"]
[Black "Lautier, Joel"]
[Result "0-1"]
[WhiteElo "2600"]
[BlackElo "2560"]
[Annotator "Lautier,J"]
[PlyCount "156"]
[EventDate "1991.07.??"]
[EventType "tourn"]
[EventRounds "14"]
[EventCountry "SUI"]
[EventCategory "15"]
[SourceTitle "CBM 025"]
[Source "ChessBase"]
[SourceDate "1991.12.01"]
[SourceVersion "1"]
[SourceVersionDate "1991.12.01"]
[SourceQuality "1"]

1. d4 Nf6 2. c4 e6 3. Nf3 b6 4. a3 Bb7 5. Nc3 d5 6. cxd5 Nxd5 7. Bd2 Nd7 8.
Nxd5 exd5 $10 9. g3 Bd6 10. Bg2 O-O 11. O-O a5 $1 12. Rc1 (12. b4 $6 axb4 13.
axb4 Qe7 $1 (13... Rxa1 14. Qxa1 Qe7 15. e3 Bxb4 $2 16. Bxb4 Qxb4 17. Qa7 $16)
14. Rxa8 Rxa8 15. b5 Nf6 $15) 12... Re8 13. Bf4 Nf8 $1 (13... Bxf4 14. gxf4 Nf8
15. e3 $14) 14. Bxd6 Qxd6 15. Qc2 Re7 (15... Ne6 $6 16. Bh3 Re7 17. Bxe6 $1
fxe6 18. Ng5 g6 19. f4 Rc8 20. h4 c5 21. h5 cxd4 22. Qd3 gxh5 23. Qxd4 $16) 16.
Rfd1 Ne6 17. e3 c5 18. Qf5 $6 (18. dxc5 bxc5 $10) 18... c4 $1 $15 19. a4 Rd8 (
19... Bc6 $2 20. Ne5 Bxa4 21. Nxc4 dxc4 22. Bxa8 Bxd1 23. Rxd1 $16) 20. Qc2 Rc7
$2 (20... Qb4 $15) 21. Nd2 $1 $14 {with the idea Nb1-c3, ><b5} Qb4 22. Nb1 b5
23. axb5 Qxb5 24. Nc3 Qb6 25. Ra1 Bc6 26. Ra3 Ra7 $1 27. b3 (27. Rda1 $14)
27... cxb3 28. Rxb3 Qc7 29. Qa2 (29. e4 $2 Ba4 $17) 29... a4 30. Rb4 Rb7 $1 31.
Rxb7 (31. Rdb1 Rxb4 32. Rxb4 Qa5 33. Qa3 Nc7 $1 $10 (33... Ra8 $2 34. e4 $1 Nc7
(34... dxe4 35. d5 Bxd5 36. Rb5 $18) 35. exd5 Nxd5 36. Bxd5 Bxd5 37. Rxa4 Qd8
38. Nxd5 $18) 34. Nxa4 $2 Ra8 35. Qc3 Bxa4 36. Rb8+ Ne8) 31... Qxb7 32. Rb1 Qa8
33. h4 Qa5 $10 34. Qa3 h6 35. Bf1 {with the idea Bb5} Nc7 36. Na2 Ra8 37. Nc3 (
37. Nb4 $6 Be8 (37... Bb5 $2 38. Nxd5 $1 $16) 38. Rc1 Rb8 $15) 37... h5 38. Rc1
Be8 39. Rb1 g6 40. Bg2 Rc8 41. Bh3 Ra8 42. Na2 $6 (42. Bg2 $10) 42... Bb5 $1
43. Bg2 $2 (43. Bf1 Bxf1 44. Kxf1 $10) 43... Bc4 $17 44. Nc3 Bb3 45. Rc1 Na6
46. Nb1 Rb8 $1 47. Qd6 Bc4 48. Na3 Qd2 $1 49. Rc2 (49. Rxc4 Qe1+ $1 (49... dxc4
$2 50. Bd5 $1 Kg7 51. Qe5+ $16) 50. Kh2 dxc4 51. Qxa6 c3 52. Qxa4 Qxf2 $17)
49... Qb4 $1 50. Nxc4 dxc4 (50... Qb1+ $2 51. Bf1 Qxc2 52. Ne5) 51. Qxb4 Rxb4
52. Rc3 Rb3 $1 53. Rxc4 a3 $19 54. Bd5 (54. Ra4 Nb4 55. Be4 f5 $19) 54... a2
55. Rc8+ Kg7 56. Bxb3 a1=Q+ 57. Kg2 Qb1 58. Bd5 Qf5 $6 {Zeitnot} (58... Nb4 59.
Rb8 Qe1 $19) 59. Rd8 Nb4 60. e4 Qf6 61. Rd7 Qxd4 62. Rxf7+ Kh6 63. Rf8 Nd3 64.
Rf7 Nc1 65. Rc7 Nd3 66. Rf7 Qa1 $1 67. Rf8 Nc1 68. Ra8 $2 (68. e5 $1 Qxe5 69.
Bf3 $17) 68... Qd4 69. Rc8 Ne2 70. Rc7 Qa1 $19 71. Bg8 g5 $1 72. hxg5+ Kxg5 73.
Bc4 (73. f4+ Kh6 $19) 73... Qg1+ 74. Kf3 Nd4+ 75. Ke3 Nc2+ 76. Kf3 Qh1+ 77. Ke2
Qe1+ $1 78. Kd3 (78. Kf3 Nd4+ 79. Kg2 Qxe4+ 80. Kh2 Nf3+ $19) 78... Nb4+ 0-1